Esquizofrenia

Saved in:
Bibliografiske detaljer
Hovedforfatter: Huneeus, Teresa (Author)
Format: Bog
Sprog:spansk
Udgivet: Santiago Mediterráneo 2005
Udgivelse:1a. ed
Fag:
Tags: Tilføj Tag
Ingen Tags, Vær først til at tagge denne postø!

MARC

LEADER 00000nam a2200000 a 4500
001 UCI2961
003 CL-VaPUC
008 071005e20050000CL |||||||||||||||||spa|d
020 |a 9562202445 
082 0 4 |a 616.8982  |b HUN  |2 21 
100 0 |a Huneeus, Teresa  |e author  |9 524238 
245 1 0 |a Esquizofrenia 
250 |a 1a. ed 
300 |a 257 p 
942 |c BK 
945 |d 20071005 00:00:00  |a cmena 
260 |a Santiago  |b Mediterráneo  |c 2005 
650 0 |a Enfermedades mentales   |9 310204 
650 7 |a PSICOTERAPIA  |2 CL-VaPUC  |9 524239 
650 0 |a Atención médica  |9 337119 
583 |a last modification  |c 20071005 00:00:00  |k Rodrigo Vera 
999 |c 327369  |d 327367 
952 |0 0  |1 0  |4 0  |6 616_898200000000000_HUN_2005  |7 0  |8 A  |9 410138  |a BIBEDU  |b BIBEDU  |c ES_NOD  |d 2019-11-22  |i 4335805  |o 616.8982 HUN 2005  |p 4335805  |r 2023-08-09  |w 2019-11-22  |y BK  |k EDI 
952 |0 0  |1 0  |4 0  |6 616_898200000000000_HUN_2005  |7 0  |8 A  |9 410139  |a BIBEDU  |b BIBEDU  |c ES_NOD  |d 2019-11-22  |i 4335813  |o 616.8982 HUN 2005  |p 4335813  |r 2023-08-09  |w 2019-11-22  |y BK  |k EDI